Test your Latin - Click the Plant - Statistics

General Stats
  • This quiz has been taken 611 times
  • The average score is 10 of 20
Answer Stats
Hint Answer % Correct
Citrus Lemon
93%
Mentha Mint
86%
Ananas Pineapple
81%
Prunus Plum
73%
Sequoia Redwood
63%
Helianthus Sunflower
60%
Narcissus Daffodil
56%
Oryza Rice
49%
Malus Apple
48%
Digitalis Foxglove
48%
Brassica Cabbage
44%
Quercus Oak
44%
Acer Maple
39%
Salix Willow
38%
Camellia Tea
35%
Fagus Beech
33%
Ranunculus Buttercup
33%
Ilex Holly
32%
Rubus Blackberry
26%
Galanthus Snowdrop
25%
No matching quizzes found
Score Distribution
Percent of People with Each Score
Percentile by Number Answered
Your Score History
You have not taken this quiz